00934nam a22002417a 4500003000500000008004100005020001800046040000800064041000900072041000900081082001100090100001800101245002100119260003400140300003400174336002700208337003300235338002900268505034000297650002000637942001800657999001700675BPGM260512m mx gr|||| 001 0 spa d a970-737-028-9 bspa hSPA  hSPA 04a810bC aLONDON, JACK  aCOLMILLO BLANCO  aMÉXICO bEXODO cABRIL 2013 a263 PÁGINAS,c20.6X13.4 CM  2rdacontentatextobtxt 2rdamediaasin mediaciónbn 2rdacarrieravolumen bnc aES UNA EXCELENTE OBRA QUE NARRA DETALLADAMENTE EL MUNDO INTERNO DE UN PERRO-LOBO, DESDE QUE NACE HASTA QUE LOGRA ADQUIRIR UNA VIDA PLENA Y SATISFACHA, AL LADO DE UN HOMBRE QUE LO VALORA EN TODAS SUS DIMENSIONES POR LO QUE ES Y POR LO QUE SABE HACER MEJOR: SER FIEL A SU MANO Y SEÑOR, NO OBSTANTE QUE TENGA QUE DAR SU VIDA POR ELLO.  v810x800y10z0 2ddccCONSULTA c68577d68577